| 000 -LEADER |
| fixed length control field |
02474cas a2200589 a 4500 |
| 001 - CONTROL NUMBER |
| control field |
14395629 |
| 003 - CONTROL NUMBER IDENTIFIER |
| control field |
NUST |
| 005 - DATE AND TIME OF LATEST TRANSACTION |
| control field |
20190904101024.0 |
| 007 - PHYSICAL DESCRIPTION FIXED FIELD--GENERAL INFORMATION |
| fixed length control field |
t| |
| 008 - FIXED-LENGTH DATA ELEMENTS--GENERAL INFORMATION |
| fixed length control field |
060531d20062006dcuar s 0 a0eng c |
| 010 ## - LIBRARY OF CONGRESS CONTROL NUMBER |
| LC control number |
2006242083 |
| 016 7# - NATIONAL BIBLIOGRAPHIC AGENCY CONTROL NUMBER |
| Record control number |
980367247 |
| Source |
DE-101 |
| 016 7# - NATIONAL BIBLIOGRAPHIC AGENCY CONTROL NUMBER |
| Record control number |
2241401-0 |
| Source |
DE-600 |
| 016 7# - NATIONAL BIBLIOGRAPHIC AGENCY CONTROL NUMBER |
| Record control number |
013696873 |
| Source |
Uk |
| 022 0# - INTERNATIONAL STANDARD SERIAL NUMBER |
| International Standard Serial Number |
1934-595X |
| ISSN-L |
1934-595X |
| Source |
0 |
| 035 ## - SYSTEM CONTROL NUMBER |
| System control number |
(OCoLC)ocm68941495 |
| 037 ## - SOURCE OF ACQUISITION |
| Source of stock number/acquisition |
The World Bank, 1818 H St., NW, Washington D.C. 20433 |
| 038 ## - RECORD CONTENT LICENSOR |
| Staff Name |
M.Sohail |
| 040 ## - CATALOGING SOURCE |
| Original cataloging agency |
MCM |
| Language of cataloging |
eng |
| Transcribing agency |
MCM |
| Modifying agency |
TNJ |
| -- |
NSDP |
| -- |
CaQQL |
| -- |
OCoLC |
| -- |
TNJ |
| -- |
NSDP |
| -- |
InU |
| -- |
OCoLC |
| -- |
K6U |
| -- |
CaOOCC |
| -- |
OCoLC |
| -- |
MCM |
| -- |
GBVCP |
| -- |
UKMGB |
| -- |
OCoLC |
| 042 ## - AUTHENTICATION CODE |
| Authentication code |
pcc |
| -- |
nsdp |
| 043 ## - GEOGRAPHIC AREA CODE |
| Geographic area code |
d------ |
| 050 00 - LIBRARY OF CONGRESS CALL NUMBER |
| Classification number |
HG3891.5 |
| Item number |
.L57 |
| 050 14 - LIBRARY OF CONGRESS CALL NUMBER |
| Classification number |
UN9 MG .L11 .ENG |
| 082 10 - DEWEY DECIMAL CLASSIFICATION NUMBER |
| Classification number |
330.9005 |
| Edition number |
14 |
| Author Mark |
TWB |
| 100 ## - MAIN ENTRY--PERSONAL NAME |
| Personal name |
The World Bank |
| 9 (RLIN) |
19583 |
| 222 #4 - KEY TITLE |
| Key title |
The little book on external debt |
| 245 04 - TITLE STATEMENT |
| Title |
The little book on external debt / |
| Statement of responsibility, etc. |
the World Bank. |
| 260 ## - PUBLICATION, DISTRIBUTION, ETC. |
| Place of publication, distribution, etc. |
Washington, D.C. : |
| Name of publisher, distributor, etc. |
World Bank, |
| Date of publication, distribution, etc. |
2008. |
| 300 ## - PHYSICAL DESCRIPTION |
| Extent |
1 v. ; 152 |
| Dimensions |
22 cm. |
| 310 ## - CURRENT PUBLICATION FREQUENCY |
| Current publication frequency |
Annual |
| 362 1# - DATES OF PUBLICATION AND/OR SEQUENTIAL DESIGNATION |
| Dates of publication and/or sequential designation |
Began and ceased with 2008. |
| 530 ## - ADDITIONAL PHYSICAL FORM AVAILABLE NOTE |
| Additional physical form available note |
Also issued online. |
| 550 ## - ISSUING BODY NOTE |
| Issuing body note |
Issued by the Development Data Group of the World Bank's Development Economics Vice Presidency. |
| 580 ## - LINKING ENTRY COMPLEXITY NOTE |
| Linking entry complexity note |
Pocket edition of: Global development finance. Vol. 2, Summary and country tables, 2006. |
| 588 ## - SOURCE OF DESCRIPTION NOTE |
| Source of description note |
Description based on first and only issue; title from title page. |
| 650 #0 - SUBJECT ADDED ENTRY--TOPICAL TERM |
| Topical term or geographic name entry element |
Debts, External |
| Geographic subdivision |
Developing countries |
| Form subdivision |
Statistics |
| -- |
Periodicals. |
| 9 (RLIN) |
19895 |
| 650 #0 - SUBJECT ADDED ENTRY--TOPICAL TERM |
| Topical term or geographic name entry element |
Finance |
| Geographic subdivision |
Developing countries |
| Form subdivision |
Statistics |
| -- |
Periodicals. |
| 9 (RLIN) |
19896 |
| 650 #0 - SUBJECT ADDED ENTRY--TOPICAL TERM |
| Topical term or geographic name entry element |
International finance |
| Form subdivision |
Periodicals. |
| 9 (RLIN) |
19897 |
| 650 #6 - SUBJECT ADDED ENTRY--TOPICAL TERM |
| Topical term or geographic name entry element |
Dettes extérieures |
| Geographic subdivision |
Pays en voie de développement |
| Form subdivision |
Statistiques |
| -- |
Périodiques. |
| 9 (RLIN) |
19898 |
| 650 #6 - SUBJECT ADDED ENTRY--TOPICAL TERM |
| Topical term or geographic name entry element |
Finances |
| Geographic subdivision |
Pays en voie de développement |
| Form subdivision |
Statistiques |
| -- |
Périodiques. |
| 9 (RLIN) |
19899 |
| 650 #6 - SUBJECT ADDED ENTRY--TOPICAL TERM |
| Topical term or geographic name entry element |
Finances internationales |
| Form subdivision |
Périodiques. |
| 9 (RLIN) |
19900 |
| 710 2# - ADDED ENTRY--CORPORATE NAME |
| Corporate name or jurisdiction name as entry element |
World Bank. |
| Subordinate unit |
Development Data Group. |
| 9 (RLIN) |
19901 |
| 710 2# - ADDED ENTRY--CORPORATE NAME |
| Corporate name or jurisdiction name as entry element |
World Bank. |
| 9 (RLIN) |
4999 |
| 785 00 - SUCCEEDING ENTRY |
| Title |
Little data book on external debt |
| Record control number |
(DLC) 2007237255 |
| -- |
(OCoLC)154353010 |
| 787 1# - OTHER RELATIONSHIP ENTRY |
| Title |
Global development finance |
| International Standard Serial Number |
1020-5454 |
| Record control number |
(DLC) 97660616 |
| -- |
(OCoLC)36661599 |
| 906 ## - LOCAL DATA ELEMENT F, LDF (RLIN) |
| a |
7 |
| b |
cbc |
| c |
serials |
| d |
2 |
| e |
ncip |
| f |
20 |
| g |
n-oclcserc |
| 942 ## - ADDED ENTRY ELEMENTS (KOHA) |
| Source of classification or shelving scheme |
|
| Koha item type |
Book |